| 000 | 00407nam a22001457a 4500 | ||
|---|---|---|---|
| 003 | OSt | ||
| 005 | 20150930152420.0 | ||
| 008 | 150930b xxu||||| |||| 00| 0 eng d | ||
| 040 | _cRUA | ||
| 082 | _aAGR ប៉ុល 1992 B002 Or.1 | ||
| 100 |
_91617 _aប៉ុល, វណ្ណារ៉ា |
||
| 245 | _aដំណាំស្វាយនៅកម្ពុជា | ||
| 300 |
_a61p. _c29cm. |
||
| 942 |
_2ddc _cAGR |
||
| 999 |
_c1525 _d1525 |
||